000 01140cam a22003133a 4500
001 12647960
003 PILC
005 20150905093703.0
008 000106s2000 nyu 000 1 eng d
010 _a 2002559874
020 _a0515127213 (pbk.)
035 _a(OCoLC)ocm43188463
040 _aFEM
_cFEM
_dSVP
_dSLC
_dDLC
042 _alccopycat
050 0 0 _aPS 3573
_b.C855 2000
100 1 _aCoulter, Catherine.
245 1 4 _aThe courtship /
_cCatherine Coulter.
260 _aNew York :
_bJove Books,
_c2000.
300 _a341 pages ;
_c18 cm.
651 0 _aLondon (England)
_xSocial life and customs
_y19th century
_vFiction.
655 7 _aHistorical fiction.
_2gsafd
655 7 _aLove stories.
_2gsafd
710 2 _aCopyright Paperback Collection (Library of Congress)
_5DLC
856 4 2 _3Contributor biographical information
_uhttp://www.loc.gov/catdir/enhancements/fy0719/2002559874-b.html
856 4 2 _3Publisher description
_uhttp://www.loc.gov/catdir/enhancements/fy0719/2002559874-d.html
906 _a7
_bcbc
_ccopycat
_d2
_encip
_f20
_gy-genrareb
942 _2lcc
_cBK
_kFOR
999 _c284708
_d284708